000 00295nam a22001337a 4500
008 180919b xxu||||| |||| 00| 0 eng d
020 _a0120588153
041 _aeng
080 _a575
100 _a5
101 _aBIO
245 _aBacterial energy transduction
_cAnthony,Ch
942 _2udc
_cBK
999 _c48091
_d48091